Leading Through Language : Choosing Words That Influence and Inspire

Bibliographic Details
Main Author: Egnal, Bart (Author)
Format: Book
Language:English
Published: New Jersey : John Wiley and Sons 2016
Subjects:

MARC

LEADER 00000cam a2200000 7i4500
001 0000028930
005 20241125.0
008 200924 nju eng
020 |a 9781119087717 
040 |a INS   |b eng   |e rda 
090 0 0 |a HF5718   |b E46 2016 
100 1 |a Egnal, Bart ,   |e author 
245 1 0 |a Leading Through Language :   |b Choosing Words That Influence and Inspire   |c Bart Egnal 
264 1 |a New Jersey :   |b John Wiley and Sons   |c 2016 
264 4 |c ©2016 
300 |a 226 pages ;   |c 23 cm. 
336 |a text  |2 rdacontent 
337 |a unmediated  |2 rdamedia 
338 |a volume  |2 rdacarrier 
500 |a Includes index 
650 0 |a Business communication 
650 0 |a Business   |x Language 
650 0 |a Leadership 
999 |a 0000024759   |b BOOK   |c Open Shelf   |e Default branch